000 00512nam a2200169Ia 4500
999 _c6062
_d6062
003 OSt
005 20200226153109.0
008 190216s9999||||xx |||||||||||||| ||und||
020 _a0074635042
040 _coclc
082 _a658.3
_bASW/H
100 _aAswathappa, K
_91369
245 0 _aHuman Resource And Personnel Management /
_cK Aswathappa
260 _bTata Mcgraw Hill Publishing Company Ltd,
_c2001.
_aNew Delhi:
300 _a625p
942 _cBK
_2ddc
_h658.3
_iASW/H
_k658.3
_mASW/H